AYURVEDIC PANCHAKARMA (Record no. 16552)

MARC details
000 -LEADER
fixed length control field 00324nam a22001457a 4500
003 - CONTROL NUMBER IDENTIFIER
control field SGT
020 ## - INTERNATIONAL STANDARD BOOK NUMBER
International Standard Book Number 978-81-7084-188-0
082 ## - DEWEY DECIMAL CLASSIFICATION NUMBER
Classification number 615.53
Item number A17R
100 ## - MAIN ENTRY--PERSONAL NAME
Personal name RANADE, SUBHASH
245 ## - TITLE STATEMENT
Title AYURVEDIC PANCHAKARMA
260 ## - PUBLICATION, DISTRIBUTION, ETC. (IMPRINT)
Place of publication, distribution, etc DELHI
Name of publisher, distributor, etc CHAUKHAMBA PUB
Year of Publication 2017
300 ## - PAGE DESCRIPTION
No. of Pages 199
650 ## - SUBJECT ADDED ENTRY--TOPICAL TERM
Topical term or geographic name as entry element AYURVEDA PUB
942 ## - ADDED ENTRY ELEMENTS (KOHA)
Source of classification or shelving scheme Dewey Decimal Classification
Koha item type Books
942 ## - ADDED ENTRY ELEMENTS (KOHA)
-- 3
Holdings
Withdrawn status Lost status Source of classification or shelving scheme Damaged status Not for loan Collection code Home library Current library Shelving location Date acquired Vendor Name Cost, normal purchase price SGTU Bill Number Total Checkouts Full call number Accession No. (Barcode) Date last seen Date last borrowed Bill Date Koha item type Use restrictions
    Dewey Decimal Classification     AYURVEDA SGT FA-FP Library SGT FA-FP Library Text Book 19/01/2019 CHAUKHAMBA PUB 250.00 SGTU 1338 2 615.53 A17R FA8506 30/08/2025 28/08/2025 16/01/2019 Books  
    Dewey Decimal Classification     AYURVEDA SGT FA-FP Library SGT FA-FP Library Text Book 19/01/2019 CHAUKHAMBA PUB 250.00 SGTU 1338 1 615.53 A17R FA8507 10/09/2019 26/08/2019 16/01/2019 Books  
    Dewey Decimal Classification     AYURVEDA SGT FA-FP Library SGT FA-FP Library Text Book 19/01/2019 CHAUKHAMBA PUB 250.00 SGTU 1338 1 615.53 A17R FA8508 28/02/2020 27/02/2020 16/01/2019 Books  
    Dewey Decimal Classification     AYURVEDA SGT FA-FP Library SGT FA-FP Library Text Book 19/01/2019 CHAUKHAMBA PUB 250.00 SGTU 1338 1 615.53 A17R FA8509 25/04/2023 11/04/2023 16/01/2019 Books  
    Dewey Decimal Classification     AYURVEDA SGT FA-FP Library SGT FA-FP Library Text Book 19/01/2019 CHAUKHAMBA PUB 250.00 SGTU 1338   615.53 A17R FA8510 19/01/2019   16/01/2019 Books  
    Dewey Decimal Classification     AYURVEDA SGT FA-FP Library SGT FA-FP Library Text Book 19/01/2019 CHAUKHAMBA PUB 250.00 SGTU 1338   615.53 A17R FA8511 19/01/2019   16/01/2019 Books  
    Dewey Decimal Classification     AYURVEDA SGT FA-FP Library SGT FA-FP Library Text Book 19/01/2019 CHAUKHAMBA PUB 250.00 SGTU 1338 1 615.53 A17R FA8512 13/06/2025 13/06/2025 16/01/2019 Books  
    Dewey Decimal Classification     AYURVEDA SGT FA-FP Library SGT FA-FP Library Reference Book 19/01/2019 CHAUKHAMBA PUB 250.00 SGTU 1338   615.53 A17R FA8513 19/01/2019   16/01/2019 Books Restricted Access
    Dewey Decimal Classification     AYURVEDA SGT FA-FP Library SGT FA-FP Library Text Book 19/01/2019 CHAUKHAMBA PUB 250.00 SGTU 1338 1 615.53 A17R FA8514 20/05/2026 09/05/2026 16/01/2019 Books  
    Dewey Decimal Classification     AYURVEDA SGT FA-FP Library SGT FA-FP Library Text Book 19/01/2019 CHAUKHAMBA PUB 250.00 SGTU 1338 2 615.53 A17R FA8515 28/02/2023 10/02/2023 16/01/2019 Books